Vida y opiniones de Mr. William Wills (Registro nro. 35324)

Detalles MARC
000 -CABECERA
Longitud fija campo de control 00920cam a2200241 a 4500
003 - • IDENTIFICADOR DELl NÚMERO DE CONTROL
Identificador del número de control CO-ViMGA
008 - • CÓDIGOS DE INFORMACIÓN DE LONGITUD FIJA
Códigos de información de longitud fija 050516s1996 ck r 000 0bspa d
020 ## - • NÚMERO INTERNACIONAL NORMALIZADO PARA LIBROS
Número Internacional Normalizado para Libros (ISBN) 9586016609
040 ## - FUENTE DE LA CATALOGACIÓN
Centro catalogador de origen CO-ViMGA
Lengua de catalogación spa
Centro transcriptor CO-ViMGA
043 ## - CÓDIGO DE ÁREA GEOGRÁFICA
Código de área geográfica s-ck---
082 04 - • NÚMERO DE LA CLASIFICACIÓN DECIMAL DEWEY
Número de clasificación (R) 920.5
Número de edición 19
Número del ítem D21v
100 1# - • PUNTO DE ACCESO PRINCIPAL-NOMBRE DE PERSONA
Nombre de persona Deas, Malcolm
Fechas asociadas al nombre 1941-
245 10 - • TITULO PROPIAMENTE DICHO
Título Vida y opiniones de Mr. William Wills
Mención de responsabilidad, etc. Malcolm Deas
250 ## - • MENCIÓN DE EDICIÓN
Mención de edición 1a ed.
300 ## - • DESCRIPCIÓN FÍSICA
Extensión 2 v.
Dimensiones 23 cm.
500 ## - • NOTA GENERAL
Nota general Colección Alfredo Vázquez Carrizosa.
504 ## - • NOTA DE BIBLIOGRAFÍA, ETC
Nota de bibliografía, etc. Incluye referencias bibliográficas.
505 0# - • NOTA DE CONTENIDO CON FORMATO
Información varia (R ) Vol. 1.
Título (R ) Nacimiento, educación, juventud, matrimonio, familia, muerte hasta el legado de William Wills. --
Información varia (R ) Vol. 2.
Título (R ) Asuntos económicos y fiscales, caminos, política y miscelánea.
600 14 - • PUNTO DE ACCESO ADICIONAL DE MATERIA - NOMBRE DE PERSONA
Nombre de persona Wills, William
Fechas asociadas al nombre 1805-1875
Subdivisión de forma (R ) Colecciones de Escritos
651 #4 - • PUNTO DE ACCESO ADICIONAL DE MATERIA - NOMBRE GEOGRÁFICO
Nombre geográfico Colombia
Subdivisión de materia general Comercio
942 ## - ENTRADA DE ELEMENTOS AGREGADOS (KOHA)
Fuente de clasificaión o esquema Dewey Decimal Classification
Koha [por defecto] tipo de item LIbro
Existencias
Perdido Fuente de clasificación o esquema Estado Físico No para préstamo Forma de adquisición Localización permanente Localización actual Fecha adquisición Préstamos totales Signatura completa Código de barras Fecha última consulta Número de copia Fecha del precio de reemplazo Tipo de item de Koha Localización en estanterías
  Dewey Decimal Classification     Colección General Biblioteca Pública Puerto Lleras Biblioteca Pública Puerto Lleras 01/22/2025   923.8021 W34d1 PLL01768 01/22/2025 Ej.1 01/22/2025 LIbro General
  Dewey Decimal Classification     Colección General Biblioteca Pública San Carlos de Guaroa - Eduardo Carranza Biblioteca Pública San Carlos de Guaroa - Eduardo Carranza 07/07/2025   920.5 D21v SG03524 07/07/2025 Ej.1 07/07/2025 LIbro General
  Dewey Decimal Classification     Sala General Segundo Piso Biblioteca Pública Germán Arciniegas - Villavicencio Biblioteca Pública Germán Arciniegas - Villavicencio 03/01/2016   920.5 D21v 29757 03/01/2016 Ej. 1 03/01/2016 LIbro  









Instituto Departamental de Cultura del Meta - Red Departamental de Bibliotecas Públicas del Meta.